Modern nonlinear equations

Αποθηκεύτηκε σε:
Λεπτομέρειες βιβλιογραφικής εγγραφής
Κύριος συγγραφέας: Saaty, Thomas L.
Μορφή: Βιβλίο
Γλώσσα:English
Δημοσίευση: New York : Dover, c1981
Θέματα:
Ετικέτες: Προσθήκη ετικέτας
Δεν υπάρχουν, Καταχωρήστε ετικέτα πρώτοι!

MARC

LEADER 00000nam a2200000 i 4500
001 1/29085
008 130425s1981 eng d
020 |a 0-486-64232-1 (pbk.) 
035 |l 10114313 
040 |a GR-MY-UA  |b gre  |e aacr 
041 0 |a eng 
082 0 |a 515.625  |2 (22) 
100 1 |a Saaty, Thomas L. 
245 1 0 |a Modern nonlinear equations /  |c Thomas L. Saaty 
260 |a New York :   |b Dover,   |c c1981 
300 |a 471 σ.;  |c 22 εκ. 
650 0 0 |a Differential equations. 
650 0 0 |a Integral equations. 
650 0 0 |a Functional equations. 
650 0 0 |a Nonlinear theories. 
852 |a INST  |b CHIOS  |e 20130425  |h 515.625 SAA  |p 005200035354  |q 005200035354  |t BK  |y 0 
901 |a BIBL2-2013-1 
909 |a Χ  |b 177337 
922 |a 2ΕΛΗ  |b 201210  |c ΤΑΚ/ΤΜΟΔ  |d ΙΩΑΝΝΙΔΟΥ 
970 |a ΣΠΕΝΤΖΑ  |b ΕΛΕΝΗ  |z 2013/04/25